| 000 | 00722nam a2200217 u 4500 | ||
|---|---|---|---|
| 005 | 20240924071554.0 | ||
| 008 | 150520s2013 es r 000 0 spa d | ||
| 020 | _a9788490314067 | ||
| 035 | _aUPN01000203650 | ||
| 049 | _aCG | ||
| 050 | 4 |
_aHD30.2 _bC3.6 |
|
| 245 | 0 | 0 |
_aCapacitación y gestión del conocimiento a través de la web 2.0 / _ccoord. Domingo J. Gallego. |
| 260 |
_aMadrid : _bDykinson, _c2013. |
||
| 300 |
_a265 p. : _bfigs., tablas |
||
| 650 | 4 |
_aAdministración del conocimiento _9495 |
|
| 650 | 4 |
_aMaestros _xFormación profesional _9804 |
|
| 650 | 4 |
_aSOCIEDAD DE LA INFORMACION - _zAMERICA LATINA _913170 |
|
| 700 | 1 |
_aGallego Gil, Domingo José, _d1941- _940626 |
|
| 905 | _aLibro | ||
| 999 |
_c175751 _d175751 |
||